000 00397pab a2200157 454500
008 180718b1995 xxu||||| |||| 00| 0 eng d
100 _aJahangir, Asma
245 _aPakistan
_blet human rights begin at home.
260 _c1995
300 _ap.7-9,17
362 _a29 Jul
650 _aCivil liberties - Pakistan
650 _aHuman rights - Pakistan
773 _aMainstream
909 _a29126
999 _c29126
_d29126